000 01721nam a22002777a 4500
003 DO-SdBNP
005 20220519123118.0
007 ta
008 210913e2017 dr ad||er|||| 001 0dspa d
020 _a9789945580402
040 _aDO-SdBNP
_bspa
_cBNPHU
082 4 _222
_bH557u
100 1 _aÁngel Enrique Hernández Castillo,
_d1953-
_979855
245 1 0 _aUAPA :
_buna experiencia innovadora en la educación superior dominicana /
_cAngel Hernández; Lennys Tejada Betancourt, ed.
260 _aSantiago de los Caballeros, República Dominicana :
_bUAPA,
_c2017
300 _a210 p.:
_bil., fotogr., gráf.;
_c22 cm
500 _aIncluye biografía del autor en la cubierta posterior.
504 _aBibliografía 207-2010.
505 _t1. Breve reseña de la educación superior dominicana. Su origen y evolución.--
_tContexto en que surge la UAPA .--
_tImportancia de la planificación, la evaluación institucional, y la investigación para decidir políticas.--
_tFormación de docentes y directivos.--
_tLa investigación científica en UAPA.--
_tEl modelo educativo por competencias centrado en el aprendizaje, MECCA.--
_tEvaluación de los aprendizajes.--
_tProceso de virtualización.--
_tPlanes de estudios y sus reformas.--
_tDesarrollo de la infraestructura física y tecnológica.--
_tInternacionalización de la Universidad.--
_tEl postgrado en UAPA.--
_tPrimeros participantes.
_tConclusión.--
_tBibliografía.
590 _aInventariado 2021 / MF
650 _aEducación superior
_zRepública Dominicana
_979858
700 1 2 _978873
_aTejada Betancourt , Lennys G
_eed.
710 2 _938537
_aUniversidad Nacional a Distancia, UAPA
830 _aUniversidad Nacional a Distancia
_979856
942 _2ddc
_cLBS1
999 _c50487
_d50487